| 000 | 00998nam a2200337 a 4500 | ||
|---|---|---|---|
| 001 | 4976153 | ||
| 005 | 20260411041828.0 | ||
| 008 | 970313s1996 ii b 001 0 eng | ||
| 010 | _a 97900982 | ||
| 020 | _a8171770614 | ||
| 020 | _a9788171770618 | ||
| 025 | _aI-E-97-900982; 77-13 | ||
| 035 | _a4976153 | ||
| 040 |
_aDLC _cDLC |
||
| 042 | _alcode | ||
| 043 | _aa-ii--- | ||
| 082 | _a346.0166 SAH | ||
| 100 | 1 | _aSaha, Amar Nath. | |
| 245 | 1 | 0 |
_aMarriage & divorce / _cA.N. Saha. |
| 250 | _a5th ed. | ||
| 260 |
_aCalcutta : _bEastern Law House, _c1996. |
||
| 300 |
_a85, 1065 p. ; _c25 cm. |
||
| 365 | _bRs. 600 | ||
| 504 | _aIncludes bibliographical references and index. | ||
| 650 | 0 |
_aMarriage law _zIndia. |
|
| 650 | 0 |
_aDivorce _xLaw and legislation _zIndia. |
|
| 906 |
_a7 _bcbc _corigode _d2 _encip _f19 _gy-gencatlg |
||
| 942 |
_2ddc _cBK |
||
| 999 |
_c14031 _d14031 |
||